000 02898nam0a2200373 4500
001 RU\NLR\BIBL_A\012724153
005 20221027143636.0
010 _a978-5-7810-2163-5
_950
021 _aRU
_bКН-П-21-080144
_9КН-П-21-6373
035 _a(NLR Aleph) 012724153
035 _a(RuMoRGB)010881249
090 _a12951061
_c12951061
100 _a20220309d2021 u y0rusy50 ca
101 0 _arus
102 _aRU
105 _aa j 000zy
181 0 _ai
_baxxe
182 1 _an
200 1 _aФизическая культура: методика обучения и воспитания. Основы подготовки населения к сдаче норм комплекса ГТО
_eучебно-методический комплекс по дисциплине
_eучебное пособие
_eдля студентов, обучающихся по направлению подготовки 44.03.01 Педагогическое образование, профиль: Физическая культура, 44.03.05 Педагогическое образование, профиль: Безопасность жизнедеятельности; Физическая культура
_fМинистерство науки и высшего образования Российской Федерации, Федеральное государственное бюджетное образовательное учреждение высшего образования "Хакасский государственный университет им. Н. Ф. Катанова"
_gсост.: В. В. Андреев [и др.]
203 _aТекст
_bвизуальный
_cнепосредственный
210 _aАбакан
_cИзд-во ФГБОУ ВО "Хакасский государственный университет им. Н. Ф. Катанова"
_d2021
215 _a71, [28] с.
_cил., табл.
_d20
320 _aБиблиогр.: с. 70-71
517 1 _aОсновы подготовки населения к сдаче норм комплекса ГТО
606 1 _a"Готов к труду и обороне", всероссийский физкультурно-спортивный комплекс в средней школе
_jУчебно-методические пособия
_92277230
_3RU\NLR\AUTH\6601593059
686 1 _aЧ511.131я7
686 1 _aЧ421.385.5я7
702 1 _4220
_7ca
_8rus
_aАндреев
_bВ. В.
_cканд. пед. наук
_gВиктор Викторович
_9179309
_3RU\NLR\AUTH\770179360
712 0 2 _4475
_aХакасский государственный университет им. Н. Ф. Катанова
_cАбакан
_9395994
_3RU\NLR\AUTH\889950109
942 _cBOOK
980 _aNB